000 00388nam a2200157Ia 4500
008 230711s9999||||xx |||||||||||||| ||und||
020 _a978-93-528-3830-1
041 _aENG
082 _a572
_bJA-B
100 _aJain,J.L.
245 0 _aFundamentals of BioChemistry
260 _c2022
_aNew Delhi
_bS Chand and Company Limited
300 _a1615p.
650 _aAgriculture
942 _cBK
999 _c7636
_d7636